|
|
|
|
| LEADER |
00000nam a2200000 a 4500 |
| 001 |
vtls008831392 |
| 003 |
SK-MaSNL |
| 005 |
20260302090945.0 |
| 008 |
240318s2005 yu oa n 000 0dslo |
| 015 |
|
|
|a SNBZSA2006-283
|
| 020 |
|
|
|a 8671032779
|q (viaz.)
|
| 035 |
|
|
|a 36AFB055-4CC5-41FC-9A75-1A720CE73CBB
|
| 035 |
|
|
|a urn:nbn:sk:snk-amlfga
|
| 035 |
|
|
|a urn:nbn:sk:snk-am008xgq
|
| 040 |
|
|
|a SNK
|b slo
|c SNK
|e AACR2
|
| 041 |
0 |
|
|a slo
|
| 043 |
|
|
|a e-yu---
|
| 044 |
|
|
|a yu
|c YU
|
| 072 |
|
7 |
|a 94(495/498) Dejiny štátov a území na Balkánskom poloostrove
|2 konspekt
|
| 080 |
|
|
|a 94(497.113)
|x (=162.4)
|2 2001
|
| 080 |
|
|
|a 908(497.113)(=162.4)
|2 2001
|
| 080 |
|
|
|a 39(=162.4)
|2 2001
|
| 100 |
1 |
|
|a Hučoková Klinková, Mária
|d 1954-
|4 aut
|9 758954
|
| 245 |
1 |
0 |
|a Zachráňme od zabudnutia
|b (Aradáč 1786-2006)
|c Mária Hučoková-Klinková
|
| 260 |
|
|
|a Báčsky Petrovec
|b Kultúra
|c 2005
|
| 300 |
|
|
|a 235, [2] s.
|b fotogr., ilustr.
|c 24 cm
|
| 500 |
|
|
|a 500 výt.
|
| 504 |
|
|
|a Bibliogr.
|
| 648 |
|
7 |
|a 1786-2006
|2 SNKPH
|9 758955
|
| 650 |
0 |
7 |
|a dejiny
|2 SNKPH
|9 3825
|
| 650 |
0 |
7 |
|a Slováci
|y Vojvodina (Srbsko)
|2 snkbuxs
|9 317116
|
| 651 |
|
7 |
|a Aradáč (Srbsko)
|2 snkbuxs
|9 90772
|
| 655 |
|
7 |
|a vlastivedné monografie
|2 snkbuxs
|9 276795
|
| 919 |
|
|
|a 86-7103-277-9
|
| 958 |
|
|
|a ZS
|
| 958 |
|
|
|a YU
|
| 958 |
|
|
|a NB
|
| 958 |
|
|
|a OND
|
| 999 |
|
|
|c 1198721
|d 1200651
|
| 952 |
|
|
|a SNK
|b SNK
|y PREZ
|7 0
|p 17A0520355
|o snkSC 124643
|i snk2006/16970
|8 2
|g 8.96
|0 0
|1 0
|4 0
|d 2006-07-17
|f 1
|l 0
|r 2025-06-06 00:00:00
|w 2026-02-24
|